Walla kogukonna seadus

Titel: Walla kogukonna seadus : (muudetud 1860 a. talurahwa seadus) / wenekeelsete alguskirjade järele Eesti keelde toimet. Anton Aan
Beteiligt:
Veröffentlicht: Tartust : Sööt, 1892
Umfang: VIII,206 S.
Format: Buch
Sprache: Estnisch
Kein Bild verfügbar
X
Lokale Klassifikation: 47 12 F
alg: 3023778
001A    $03004:11-07-94 
001B    $01999:28-04-23 $t21:20:50.000 
001C    $03004:08-05-13 $t16:18:25.000 
001D    $03004:23-07-10 
001U    $0utf8 
001X    $00 
002@    $0Aar 
003@    $0030237785 
003O    $0180623296 $aOCoLC 
007A    $0030237785 $aHEB 
007T    $0Herdhh030237785 
010@    $aest 
011@    $a1892 
013H    $0l 
015@    $0Z 
021A    $aWalla kogukonna seadus $d(muudetud 1860 a. talurahwa seadus) $hwenekeelsete alguskirjade järele Eesti keelde toimet. Anton Aan 
028C    $BBearb. $7 $8Aan, Anton [Tnx] $916424266X 
033A    $pTartust $nSööt 
034D    $aVIII,206 S. 
045F    $a340.09 $eDDC23BSB 
045F/01 $a340.09 
045F/03 $f0903 
045F/03 $f09041 
045F/03 $g4798 
045G    $a351.09 $eDDC23BSB 
045G/01 $a351.09 
045G/03 $g4798 

lok: 3023778 24
101B    $011-08-08 $t14:01:10.000 
101U    $0utf8 
145Z/01 $a47 12 F 

exp: 3023778 24 1 #EPN
201B/01 $011-08-08 $t14:01:10.000 
201U/01 $0utf8 
203@/01 $0086496948 
208@/01 $a11-07-94 $bh 
209A/01 $a94.1023 $du $f050 $h94 1023 $x00 
209C/01 $a94.1023 K $h94 1023 K 
209G/01 $a72154304 $x00 
247C/01 $8358050-7 Marburg, Bibliothek des Herder-Instituts Marburg $9102600961 

lok: 3023778 78

exp: 3023778 78 1 #EPN
201B/01 $019-04-17 $t17:45:52.000 
201U/01 $0utf8 
203@/01 $0793136903 
208@/01 $a12-11-16 $be 
209A/01 $a/ $f000 $x00 
237A/01 $aweiterführende Signatur(en): Herder-Institut: 94.1023 
244Z/01 $2Trx $#Estija $#Igaunija $#Estland $#Estonia $#Estonia $#Estónsko $#Estonsko $8--Trx--Eesti $x01 $9391237225 
245Z/01 $a07.01 $x01 
247C/01 $82080>Marburg/Lahn, Herder-Institut, Forschungsbibliothek, Bibliographieportal $9336309341
LEADER 00000cam a22000002c 4500
001 030237785
003 DE-603
005 20230428212050.0
007 tu
008 940711s1892 xx |||| | u00||u|est c
035 |a (DE-599)HEB030237785 
035 |a (OCoLC)180623296 
040 |a DE-603  |b ger  |c DE-603  |d DE-603 
041 |a est 
082 0 4 |8 1\u  |a 340.09  |q DE-101  |2 23/BSB 
083 0 |8 2\u  |a 351.09  |q DE-101  |2 23/BSB 
085 |8 1\u  |b 340.09 
085 |8 1\u  |z 1  |s 0903 
085 |8 1\u  |z 1  |s 09041 
085 |8 1\u  |z 2  |s 4798 
085 |8 2\u  |b 351.09 
085 |8 2\u  |z 2  |s 4798 
245 0 0 |a Walla kogukonna seadus  |b (muudetud 1860 a. talurahwa seadus)  |c wenekeelsete alguskirjade järele Eesti keelde toimet. Anton Aan 
264 1 |a Tartust  |b Sööt  |c 1892 
300 |a VIII,206 S. 
700 1 |a Aan, Anton  |e Bearb.  |4 edt  |0 (DE-603)16424266X 
924 0 |9 Mb 50  |a (DE-603)086496948  |b DE-Mb50  |c HES  |d c  |g 94.1023 
924 0 |9 2080  |a (DE-603)793136903  |b DE-2080  |c HES  |d d  |g /